000 00576nam a2200217 a 4500
001 0001-2211
003 ELIB.Books
008 190803 2010 eng
020 _a9780078035159
092 _a150.72
_bCoz
100 _aCozby, Paul C.
245 _aMethods in Behavioral Research
260 _aNew York
_bConnect Learn Succeed
_c2012
300 _a416
_c23.5cm
650 _aPsychology, Social Sciences
856 _nKBTS Library
_uKBTS Elib
942 _2ddc
_cBK
990 _a1
998 _aEnglishbooks.elf
_ccat
_e2019-08-03
999 _c12211
_d12211